• 首页
  • 本馆介绍
  • 公告通知
  • 最新文献
  • 馆藏检索
  • 电子资源
  • 读者导购
  • 参考咨询
  • 我的图书馆
  • 登录
  • 详细信息显示
  • 放入我的书架
  • 预约/预借图书
  • 作者相关作品
  • 分类相关作品
  • 丛书相关作品
  • 出版社相关作品

书目信息

  • 表格格式
  • 工作单格式
  • 卡片格式
书名: Business
作者: O.C. Ferrell, Geoffrey Hirt, Linda Ferrell.
分册号:
分册名:
出版地: Boston :
 
出版社: McGraw-Hill/Irwin
出版时间: c2005.
页数: xxxiv, 493, G-13, N-16, I-12 p. :
开本: 26 cm.
丛书名:
中图分类号:
科图分类号:
其他分类号: F73
主题词:
电子资源:
000 01183cam a22003254a 450
001 E0735977141
005 20070707100722.42
008 040929s2005 a b 001 0 eng
010    @a2004042321
020    @a0-390-36596-3.
040    @aDLC@cDLC@dDLC
042    @apcc
043    @an-us---
050 00 @aHF1008@b.F47 2006
082 00 @a650@2 22
090    @aF73
099    @dF73@ex82=4
100 1  @aFerrell, O. C.
245 10 @aBusiness :@ba changing world / @cO.C. Ferrell, Geoffrey Hirt, Linda Ferrell.
250    @a4th ed.
260    @aBoston :@bMcGraw-Hill/Irwin,@cc2005.
300    @axxxiv, 493, G-13, N-16, I-12 p. :@bcol. ill. ;@c26 cm.
504    @aIncludes bibliographical references and indexes.
650  0 @aBusiness.
650  0 @aManagement@zUnited States.
700 1  @aHirt, Geoffrey A.
700 1  @aFerrell, Linda.
906    @a7@bcbc@corignew@d1@eocip@f20@gy-gencatlg
925 0  @aacquire@b1 shelf copy@xpolicy default
955    @apc11 2004-09-29 to SSCD@csc21 2004-09-30 rev sc01@dsc23 2004-10-06@esc02 2004-10-06 to Dewey@aaa05 2004-10-08@aps05 2005-02-11 bk rec’d, to CIP ver.;@fsd21 2005-02-15 CIP ver to sl;@gsj04 2005-02-18 to BCCD
    
    Business : : a changing world / / O.C. Ferrell, Geoffrey Hirt, Linda Ferrell.-4th ed.-Boston : : McGraw-Hill/Irwin, , c2005.
    xxxiv, 493, G-13, N-16, I-12 p. : : col. ill. ; ; 26 cm.
    Includes bibliographical references and indexes.
    
    ISBN 0-390-36596-3.
    
●
相关链接 在E读中查询图书 在五车中查询图书 在当当中查询图书 在豆瓣中查询图书


正题名:Business     索取号:F73/x82=4         预约/预借

序号 登录号 条形码 馆藏地/架位号 状态 备注
1 0012529   300125291   第二样本阅览室/ [索取号:F73/x82=4] 在馆    
2 0012530   300125308   第四借阅区/ [索取号:F73/x82=4] 在馆    
3 0012531   300125317   第四借阅区/ [索取号:F73/x82=4] 在馆    
4 0012532   300125326   第四借阅区/ [索取号:F73/x82=4] 在馆    
5 0012533   300125335   第四借阅区/ [索取号:F73/x82=4] 在馆    
6 0012534   300125344   第四借阅区/ [索取号:F73/x82=4] 在馆    
7 0012535   300125353   第四借阅区/ [索取号:F73/x82=4] 在馆    
8 0012536   300125362   第四借阅区/ [索取号:F73/x82=4] 在馆    
9 0012537   300125371   第四借阅区/ [索取号:F73/x82=4] 在馆    
唐山师范学院图书馆 欢迎您!
大连网信软件有限公司© 版权所有